000 01646cam a2200337 i 4500
003 SA-RiAUC
005 20241027132259.0
008 241025s1991 su g 00000 ara c
040 _aSA-RiAUC
_bara
_cSA-RiAUC
_erda
082 0 4 _a252.1
090 _a252.1
_b ا ب ن ت
100 1 _aابن تيمية، أحمد بن عبد الحليم بن عبد السلام،
_d661-728 هجري
_eمؤلف.
245 1 0 _aشرح العمدة في الفقه /
_cتأليف أحمد بن عبد الحليم بن تيمية ؛ تحقيق ودراسة سعود بن صالح العطيشان.
250 _aالطبعة الأولى.
264 1 _aالرياض :
_bمكتبة العبيكان،
_c1991
300 _a2 مجلد ؛
_c23 سم
336 _aنص
_btxt
_2rdacontent
_3كتاب
337 _aبدون وسيط
_bn
_2rdamedia
338 _aمجلد
_bnc
_2rdacarrier
505 0 _aالمحتويات : مجلد 1. كتاب الطهارة- مجلد 2. في بيان مناسك الحج والعمرة.
600 1 7 _aالإمام ابن حنبل، أحمد محمد بن حنبل،
_d164-241 هجري
_2aucnm
650 7 _aالطهارة (فقه إسلامي)
_2aucsh
650 7 _aالحج
_2aucsh
650 7 _aالعمرة (فقه إسلامي)
_2aucsh
650 7 _aالفقه الحنبلي
_2aucsh
700 1 _aالعطيشان، سعود بن صالح
_eمحقق.
700 1 2 _aابن قدامة، عبد الله بن أحمد،
_d541-620 هجري.
_tعمدة الفقه
740 0 2 _aعمدة الفقه على مذهب الإمام أحمد بن حنبل.
942 _2ddc
_cBOOK
_n0
949 _aSA-JeALM
_d241025
_umohamedma123
_n1
999 _c1757
_d1757